নূপুরের মন / (Record no. 56257)
[ view plain ]
| 000 -LEADER | |
|---|---|
| fixed length control field | 00733nam a2200217 a 4500 |
| 001 - CONTROL NUMBER | |
| control field | 56257 |
| 003 - CONTROL NUMBER IDENTIFIER | |
| rucl marc code | BD-RjUL |
| 005 - DATE AND TIME OF LATEST TRANSACTION | |
| control field | 20211209080355.0 |
| 008 - FIXED-LENGTH DATA ELEMENTS--GENERAL INFORMATION | |
| fixed length control field | 161128s1968 bg ||||| |||| 00| 0 ben d |
| 035 ## - SYSTEM CONTROL NUMBER | |
| System control number | (BD-RjUL)56381 |
| 040 ## - CATALOGING SOURCE | |
| Original cataloging agency | BD-RjUL |
| Language of cataloging | ben |
| Transcribing agency | BD-RjUL |
| 041 ## - LANGUAGE CODE | |
| Language code of text/sound track or separate title | ben |
| 082 ## - DEWEY DECIMAL CLASSIFICATION NUMBER | |
| Edition number | 23 |
| Classification number | 891.442 |
| Author mark and year | CHN 1968 |
| 100 ## - MAIN ENTRY--PERSONAL NAME | |
| Personal name | চৌধুরী, এহসান |
| 9 (RLIN) | 167377 |
| 245 10 - TITLE STATEMENT | |
| Title | নূপুরের মন / |
| Statement of responsibility, etc. | এহসান চৌধুরী |
| 260 ## - PUBLICATION, DISTRIBUTION, ETC. (IMPRINT) | |
| Place of publication, distribution, etc. | যশোর : |
| Name of publisher, distributor, etc. | পূর্বাচল প্রকাশনী, |
| Date of publication, distribution, etc. | ১৯৬৮ [?] |
| 300 ## - PHYSICAL DESCRIPTION | |
| Pagination | ১১৬ পৃ. ; |
| Size | ১৭ সেমি . |
| 650 ## - SUBJECT ADDED ENTRY--TOPICAL TERM | |
| Topical term or geographic name as entry element | বাংলা নাটক |
| 9 (RLIN) | 167378 |
| Topical term or geographic name as entry element | Bengali Drama |
| 9 (RLIN) | 167379 |
| 942 ## - ADDED ENTRY ELEMENTS (KOHA) | |
| Source of classification or shelving scheme | Dewey Decimal Classification |
| Koha item type | Books |
| Lost status | Source of classification or shelving scheme | Damaged status | Not for loan | Collection code | Permanent Location | Current Location | Shelving location | Date acquired | Source of acquisition | Cost, normal purchase price | Total Checkouts | Full call number | Date last seen | Copy number | Koha item type |
|---|---|---|---|---|---|---|---|---|---|---|---|---|---|---|---|
| Dewey Decimal Classification | Non-fiction | Central Library, University of Rajshahi | Central Library, University of Rajshahi | 24/10/1968 | Prantic, Rajshahi | 2.00 | B 891.442 CHN 1968 | 28/11/2016 | C-2 | Books |